| 000 | 00483 a2200169 4500 | ||
|---|---|---|---|
| 003 | Nust | ||
| 005 | 20170207171611.0 | ||
| 040 | _cNust | ||
| 082 | _a005.1 | ||
| 100 | _aMehfooz, Aamna. BESE-17 | ||
| 245 |
_aMobile APP for Metropolitan Complaint Management System. BESE-17 _cAamna Mehfooz, Taimoor ul hassan, Zeeshan Ahad Murad |
||
| 260 |
_aRawalpindi _bMCS _cMay 2015 |
||
| 300 | _axiii,87p. | ||
| 538 | _aAlmirah No 72 Shelf No 6 | ||
| 650 | _aUG Projects | ||
| 651 | _aUG CS Projects | ||
| 942 | _cTHS | ||
| 999 |
_c217710 _d217710 |
||